| 000 | 00498cam a22001817i 4500 | ||
|---|---|---|---|
| 001 | 19981802 | ||
| 005 | 20241216055959.0 | ||
| 008 | 170830s2017 ce 000 f eng | ||
| 020 | _a9789553109101 | ||
| 040 |
_aDLC _beng _erda _cDLC _dDLC |
||
| 082 | _222 | ||
| 100 | 1 | _aThewarathanthri, Charulatha Abeysekara, | |
| 245 | 1 | 0 |
_aStories _cCharulatha Abeysekara Thewarathanthri. |
| 260 |
_aNugegoda _bSarasavi Publishers _c2017 |
||
| 300 | _a238, xii pages ; | ||
| 500 | _aA true story | ||
| 942 | _cL | ||
| 999 |
_c5937 _d5937 |
||